RICS Valuation - Global Standards 2020 (Record no. 121166)

MARC details
000 -LEADER
fixed length control field 01837cad a22002895a 4500
001 - CONTROL NUMBER
control field K121166
008 - FIXED-LENGTH DATA ELEMENTS--GENERAL INFORMATION
fixed length control field 170616s2019 xxk f f 001 0 eng d
020 ## - INTERNATIONAL STANDARD BOOK NUMBER
ISBN 9781783213832
041 0# - LANGUAGE CODE
Language code of text/sound track or separate title eng
110 2# - MAIN ENTRY--CORPORATE NAME
Corporate author Royal Institution of Chartered Surveyors
240 00 - UNIFORM TITLE
Uniform title <a href="Red Book">Red Book</a>
245 00 - TITLE STATEMENT
Title RICS Valuation - Global Standards 2020
Subtitle Incorporating the IVSC International Valuation Standards
Medium [old edition]
260 ## - PUBLICATION INFORMATION
Place of publication London
Publisher RICS
Date 2019
490 #0 - SERIES TITLE
Series statement RICS Professional Statement
490 #0 - SERIES TITLE
Series statement RICS Valuation Standards
490 ## - SERIES TITLE
Series statement RICS Red Book
505 2# - CONTENTS
Contents Preface - Introduction - Glossary - Professional Standards - Valuation technical and performance standards, Valuation applications - International Valuation Standards 2020
520 ## - ABSTRACT
Abstract Contains mandatory professional standards and advisory guidance for all RICS registered valuers undertaking valuation services worldwide. Incorporates the International Valuation Standards 2020 (IVS) (effective from 31 January 2020) issued by the International Valuation Standards Council which are published in full in Part 6. Effective from 31 January 2020. Applies to all valuations where the valuation date is on or after that date. Accompanuing paper Basis for conclusion (L159427) explains the rationale behind the changes to the Red Book 2020.
520 ## - ABSTRACT
Abstract Superseded by IVSC effective Effective 31 January 2022 ISBN 9780993151347
650 24 - KEYWORDS
Keywords RICS VALUATION STANDARDS
650 24 - KEYWORDS
Keywords INTERNATIONAL VALUATION STANDARDS 2020
650 24 - KEYWORDS
Keywords RED BOOK
651 #4 - SUBJECT ADDED ENTRY--GEOGRAPHIC NAME
Geographic name International
690 ## - BROAD SUBJECT
Broad subject Valuation
9 (RLIN) 6273
856 40 - ONLINE RESOURCE
Uniform Resource Identifier <a href="http://web.archive.org/web/20211022085328/https://www.rics.org/globalassets/rics-website/media/upholding-professional-standards/sector-standards/valuation/rics-valuation--global-standards.pdf">http://web.archive.org/web/20211022085328/https://www.rics.org/globalassets/rics-website/media/upholding-professional-standards/sector-standards/valuation/rics-valuation--global-standards.pdf</a>
Public note Archived on the internet archive
942 ## - ADDED ENTRY ELEMENTS (KOHA)
Suppress in OPAC Do not suppress in OPAC
Holdings
Lost status Source of classification or shelving scheme Damaged status Not for loan Home library Current library Shelving location Date acquired Total Checkouts Date last seen Price effective from Koha item type
  Dewey Decimal Classification     Virtual Virtual Online 28/11/2019     28/11/2019 Online material